[Event "Hessen-ch B"]
[Site "Frankfurt/Main"]
[Date "2019.06.01"]
[Round "5"]
[White "Zalewski, Ulrich"]
[Black "Ullmann, Ralf"]
[Result "1/2-1/2"]
[WhiteElo "1793"]
[BlackElo "1856"]
[PlyCount "28"]
[EventDate "2019.05.30"]
[EventType "swiss"]
[EventRounds "7"]
[EventCountry "GER"]

1. e4 c5 2. Nf3 e6 3. d3 Nc6 4. c3 Nf6 5. g3 Qc7 6. Bg2 Be7 7. O-O h6 8. Re1 e5
9. Nbd2 d6 10. Nf1 O-O 11. Bd2 Bd7 12. Rc1 Qb6 13. b3 a5 14. Ne3 g6 1/2-1/2

[Event "Hessen-ch B"]
[Site "Frankfurt/Main"]
[Date "2019.06.01"]
[Round "6"]
[White "Adamczyk, Matthias"]
[Black "Westhof, Benedikt"]
[Result "1-0"]
[WhiteElo "1949"]
[BlackElo "1655"]
[PlyCount "91"]
[EventDate "2019.05.30"]
[EventType "swiss"]
[EventRounds "7"]
[EventCountry "GER"]

1. d4 Nf6 2. c4 e5 3. d5 Bc5 4. e3 d6 5. Nc3 O-O 6. h3 c6 7. Nf3 cxd5 8. cxd5
a6 9. Bd3 Bb4 10. e4 Nbd7 11. Be3 Qa5 12. Qc2 Nc5 13. O-O Bd7 14. Bd2 Rac8 15.
a3 Bxc3 16. Bxc3 Nxd3 17. Qxd3 Bb5 18. Qe3 Qa4 19. Rfe1 Bc4 20. Bb4 Rfd8 21.
Nd2 Qe8 22. Ba5 Bb5 23. Bxd8 Qxd8 24. Rac1 Nd7 25. b4 a5 26. bxa5 Nc5 27. Nb3
Nd3 28. Rxc8 Qxc8 29. Rf1 h6 30. Qb6 Bd7 31. Qe3 Nf4 32. Kh2 Qd8 33. Rg1 g5 34.
Qb6 Qe7 35. Qxb7 g4 36. Qb6 Qh4 37. Qe3 Kh7 38. Qg3 Qh5 39. Nc1 gxh3 40. gxh3
Qxh3+ 41. Qxh3 Nxh3 42. Rg3 Nxf2 43. a6 Bc8 44. a7 Bb7 45. Rf3 Ng4+ 46. Kg3 1-0

[Event "Hessen-ch B"]
[Site "Frankfurt/Main"]
[Date "2019.06.01"]
[Round "6"]
[White "Bjoerknes, Uwe"]
[Black "Lange, Martin"]
[Result "1-0"]
[WhiteElo "1796"]
[BlackElo "1763"]
[PlyCount "103"]
[EventDate "2019.05.30"]
[EventType "swiss"]
[EventRounds "7"]
[EventCountry "GER"]

1. Nf3 Nf6 2. c4 d5 3. e3 Nbd7 4. d4 c6 5. Be2 Qc7 6. O-O e5 7. cxd5 Nxd5 8.
Nc3 Nxc3 9. bxc3 exd4 10. cxd4 Be7 11. Bb2 O-O 12. Rc1 Qb6 13. Qc2 Nf6 14. Bd3
h6 15. e4 Be6 16. Ba1 Qa5 17. a4 Rac8 18. Rb1 Qc7 19. Rfc1 Bg4 20. Ne5 Ba3 21.
Bb2 Bxb2 22. Qxb2 Rb8 23. f3 Bd7 24. Bc4 Qd6 25. Nxf7 Rxf7 26. Bxf7+ Kxf7 27.
e5 Qe7 28. exf6 Qxf6 29. d5 Qf4 30. dxc6 Bf5 31. Qb3+ Kg6 32. Rc4 Qe5 33. Rbc1
bxc6 34. Rxc6+ Kh7 35. Qc3 Qf4 36. Rc7 Qg5 37. Rxa7 Rb1 38. Rc7 Rxc1+ 39. Qxc1
Qd8 40. g4 Bg6 41. Kg2 h5 42. Qc3 Qg8 43. Qc4 Qd8 44. Qc3 Qg8 45. h3 hxg4 46.
hxg4 Kh6 47. Kg3 Bf7 48. Qe3+ g5 49. Rc6+ Bg6 50. Qe6 Qb8+ 51. Rd6 Qb1 52.
Qxg6+ 1-0

[Event "Hessen-ch B"]
[Site "Frankfurt/Main"]
[Date "2019.06.01"]
[Round "6"]
[White "Buchholz, Maja"]
[Black "Weiland, Thomas"]
[Result "0-1"]
[WhiteElo "1657"]
[BlackElo "1817"]
[PlyCount "74"]
[EventDate "2019.05.30"]
[EventType "swiss"]
[EventRounds "7"]
[EventCountry "GER"]

1. c4 c5 2. g3 g6 3. Bg2 Bg7 4. e3 Nc6 5. Ne2 Nf6 6. O-O O-O 7. Nbc3 d6 8. Rb1
Rb8 9. a3 a5 10. b3 Bd7 11. Bb2 e5 12. Nb5 Bf5 13. d3 Qd7 14. Re1 Rfd8 15. Nec3
Ne7 16. Na4 b6 17. Rc1 Ne8 18. d4 e4 19. d5 Bxb2 20. Nxb2 Bg4 21. Qc2 Bf3 22.
Na4 Nf6 23. Qb2 Nh5 24. Nac3 f5 25. Qd2 g5 26. Qb2 Ng6 27. Bxf3 exf3 28. h3 Ne5
29. Qc2 f4 30. Kh2 fxg3+ 31. fxg3 Nf6 32. Rf1 Rf8 33. Nb1 Nfg4+ 34. hxg4 Nxg4+
35. Kg1 f2+ 36. Kh1 Nxe3 37. Qd2 Qh3# 0-1

[Event "Hessen-ch B"]
[Site "Frankfurt/Main"]
[Date "2019.06.01"]
[Round "6"]
[White "Burkart, Lloyd Shang"]
[Black "Horatschek, Martin jr."]
[Result "1/2-1/2"]
[WhiteElo "1411"]
[BlackElo "1689"]
[PlyCount "66"]
[EventDate "2019.05.30"]
[EventType "swiss"]
[EventRounds "7"]
[EventCountry "GER"]

1. d4 Nf6 2. Nf3 c5 3. c3 d5 4. Bf4 e6 5. e3 Bd6 6. Bg3 O-O 7. Bd3 Nc6 8. O-O
Bxg3 9. hxg3 cxd4 10. exd4 Re8 11. Re1 Qc7 12. Ne5 Nxe5 13. dxe5 Nd7 14. Qe2 b6
15. Na3 a6 16. Nc2 Nc5 17. Nd4 Nxd3 18. Qxd3 Bd7 19. Qe2 Rec8 20. Rad1 Qc4 21.
Qxc4 Rxc4 22. Re2 Rac8 23. Rc2 f6 24. f4 fxe5 25. fxe5 b5 26. a3 a5 27. Rdc1
Rf8 28. Rf1 Rcc8 29. Rxf8+ Rxf8 30. Rf2 Rxf2 31. Kxf2 Kf7 32. Kf3 Ke7 33. b4
axb4 1/2-1/2

[Event "Hessen-ch B"]
[Site "Frankfurt/Main"]
[Date "2019.06.01"]
[Round "6"]
[White "Catalano, Enzo"]
[Black "Tiggemann, Felix"]
[Result "1-0"]
[WhiteElo "1596"]
[BlackElo "1574"]
[PlyCount "37"]
[EventDate "2019.05.30"]
[EventType "swiss"]
[EventRounds "7"]
[EventCountry "GER"]

1. e4 e6 2. Nf3 d5 3. e5 c5 4. b4 cxb4 5. d4 Nc6 6. a3 bxa3 7. c3 Qb6 8. Bxa3
Bxa3 9. Nxa3 a6 10. Nb5 h6 11. Nd6+ Ke7 12. Bd3 f6 13. Bg6 Nd8 14. Qa4 Qc6 15.
Qa3 Kf8 16. Nxc8+ Ne7 17. Qxe7+ Kg8 18. Qxd8+ Qe8 19. Qxe8# 1-0

[Event "Hessen-ch B"]
[Site "Frankfurt/Main"]
[Date "2019.06.01"]
[Round "6"]
[White "Eckert, Hanno"]
[Black "Scholz, Michael"]
[Result "0-1"]
[WhiteElo "1487"]
[BlackElo "1855"]
[PlyCount "56"]
[EventDate "2019.05.30"]
[EventType "swiss"]
[EventRounds "7"]
[EventCountry "GER"]

1. c4 Nf6 2. g3 e5 3. Bg2 d5 4. cxd5 Nxd5 5. Nc3 Nxc3 6. bxc3 Bd6 7. Nf3 O-O 8.
Qc2 Nd7 9. O-O f5 10. d3 Nf6 11. Ng5 Qe7 12. f4 h6 13. fxe5 Bxe5 14. Qb3+ Kh8
15. Ba3 Bd6 16. Bxd6 cxd6 17. Nf3 Qe3+ 18. Kh1 Ng4 19. Qb4 Nf2+ 20. Rxf2 Qxf2
21. Qxd6 Rf6 22. Qd8+ Kh7 23. Nd4 Qe3 24. Nxf5 Qxe2 25. Ne7 Bh3 26. Be4+ g6 27.
Bxg6+ Rxg6 28. Qd5 Qxe7 0-1

[Event "Hessen-ch B"]
[Site "Frankfurt/Main"]
[Date "2019.06.01"]
[Round "6"]
[White "Graef, Jakob Vincent"]
[Black "Meyer, Marcel"]
[Result "1/2-1/2"]
[WhiteElo "1574"]
[BlackElo "1820"]
[PlyCount "36"]
[EventDate "2019.05.30"]
[EventType "swiss"]
[EventRounds "7"]
[EventCountry "GER"]

1. e4 c6 2. d4 d5 3. exd5 cxd5 4. c4 Nf6 5. Nc3 e6 6. Nf3 Nc6 7. Bf4 Be7 8. Bd3
dxc4 9. Bxc4 O-O 10. O-O b6 11. d5 exd5 12. Nxd5 Nxd5 13. Qxd5 Bb7 14. Rad1
Qxd5 15. Bxd5 Bf6 16. b3 Rad8 17. Bxc6 Bxc6 18. Ne5 Bxe5 1/2-1/2

[Event "Hessen-ch B"]
[Site "Frankfurt/Main"]
[Date "2019.06.01"]
[Round "6"]
[White "Hambel, Christoph"]
[Black "Azizov, Fariz"]
[Result "1-0"]
[WhiteElo "1783"]
[BlackElo "1416"]
[PlyCount "119"]
[EventDate "2019.05.30"]
[EventType "swiss"]
[EventRounds "7"]
[EventCountry "GER"]

1. c4 e6 2. Nc3 Nf6 3. g3 Be7 4. Bg2 c6 5. Nf3 O-O 6. O-O d5 7. cxd5 cxd5 8. d4
Nc6 9. Bf4 a6 10. Rc1 h6 11. Qd2 Nh7 12. Rfd1 f5 13. Ne5 Nxe5 14. Bxe5 Nf6 15.
Na4 Ne4 16. Qc2 Bd6 17. Bxd6 Qxd6 18. f3 Ng5 19. Nc5 b6 20. Nd3 Bb7 21. Ne5
Rac8 22. Qd3 Rxc1 23. Rxc1 Rc8 24. Rxc8+ Bxc8 25. h4 Nf7 26. Ng6 Nh8 27. Qc2
Bb7 28. Nf4 g5 29. hxg5 hxg5 30. Nh5 Qc6 31. Qd2 Nf7 32. g4 f4 33. Qd3 Nh8 34.
Nf6+ Kg7 35. Qh7+ Kxf6 36. Qxh8+ Kg6 37. Qh5+ Kf6 38. Qh6+ Kf7 39. Qxg5 Qc1+
40. Bf1 Qe3+ 41. Kg2 Qxd4 42. Qd8 Qc5 43. Qb8 Bc8 44. Qxf4+ Ke7 45. Qe5 Kd7 46.
g5 Qe7 47. Kh3 Qh7+ 48. Kg4 Ke8 49. Bh3 b5 50. Kg3 Qg6 51. f4 Ke7 52. Kg4 Kd7
53. Kg3 Kd8 54. Bg4 Ke7 55. Qc7+ Bd7 56. Qc5+ Ke8 57. Kh4 Qh7+ 58. Bh5+ Kd8 59.
Qf8+ Kc7 60. g6 1-0

[Event "Hessen-ch B"]
[Site "Frankfurt/Main"]
[Date "2019.06.01"]
[Round "6"]
[White "Hoerhold, Karola"]
[Black "Graef, Kilian Gabriel"]
[Result "1/2-1/2"]
[WhiteElo "1727"]
[BlackElo "1411"]
[PlyCount "108"]
[EventDate "2019.05.30"]
[EventType "swiss"]
[EventRounds "7"]
[EventCountry "GER"]

1. e4 d6 2. Nc3 Nf6 3. f4 g6 4. Nf3 Bg7 5. Bc4 Nxe4 6. Bxf7+ Kxf7 7. Nxe4 Bf5
8. Neg5+ Ke8 9. Qe2 h6 10. Ne6 Bxe6 11. Qxe6 Bf6 12. O-O Qd7 13. Qe4 Qc6 14.
Qxg6+ Kd8 15. c3 Nd7 16. d4 Qc4 17. Qc2 c6 18. b3 Qf7 19. Ba3 Kc7 20. Rad1 Rag8
21. Qe2 Rg6 22. Ne5 dxe5 23. fxe5 Qg7 24. exf6 exf6 25. Rf2 Rg8 26. Qf3 Rg5 27.
Bc1 Rg4 28. Bf4+ Kb6 29. g3 h5 30. c4 a6 31. h3 Rg6 32. Rg2 h4 33. g4 Nf8 34.
Qe3 f5 35. d5+ c5 36. Be5 Qd7 37. g5 Nh7 38. Bf4 Qd8 39. Rdd2 Nxg5 40. Bxg5
Rxg5 41. b4 Rxg2+ 42. Rxg2 Rxg2+ 43. Kxg2 Qg8+ 44. Kf1 Qc8 45. a4 a5 46. Qh6+
Ka7 47. b5 Qd8 48. Qe3 Qd6 49. Kg2 Qg6+ 50. Kf2 Qd6 51. Kf1 b6 52. Qf2 Qf6 53.
Qf3 Qa1+ 54. Kf2 Qd4+ 1/2-1/2

[Event "Hessen-ch B"]
[Site "Frankfurt/Main"]
[Date "2019.06.01"]
[Round "6"]
[White "Horny, Guenter"]
[Black "Haftmann, Rainer"]
[Result "1/2-1/2"]
[WhiteElo "1816"]
[BlackElo "1727"]
[PlyCount "60"]
[EventDate "2019.05.30"]
[EventType "swiss"]
[EventRounds "7"]
[EventCountry "GER"]

1. d4 Nf6 2. c4 e6 3. Nf3 d5 4. Nc3 c6 5. Qc2 Nbd7 6. Bf4 Be7 7. e3 O-O 8. h3
Re8 9. cxd5 exd5 10. Bd3 Nf8 11. O-O-O a5 12. g4 a4 13. Ne5 N6d7 14. h4 Nxe5
15. Bxe5 f6 16. Bf4 Bd6 17. g5 Bxf4 18. exf4 Qd6 19. f5 b5 20. h5 Ra7 21. gxf6
Qxf6 22. h6 Rf7 23. hxg7 Rxg7 24. Ne2 Bd7 25. Ng3 Rf7 26. Nh5 Qxd4 27. f4 a3
28. bxa3 Qa1+ 29. Kd2 Qd4 30. Kc1 Qa1+ 1/2-1/2

[Event "Hessen-ch B"]
[Site "Frankfurt/Main"]
[Date "2019.06.01"]
[Round "6"]
[White "Hynar, Alexandra"]
[Black "Ruhl, Marcel"]
[Result "1-0"]
[WhiteElo "1765"]
[BlackElo "1651"]
[PlyCount "91"]
[EventDate "2019.05.30"]
[EventType "swiss"]
[EventRounds "7"]
[EventCountry "GER"]

1. c4 e5 2. Nc3 Nf6 3. d3 Nc6 4. Nf3 d5 5. cxd5 Nxd5 6. Bd2 Be7 7. g3 Bg4 8.
Bg2 Be6 9. O-O O-O 10. a3 Nf6 11. b4 a6 12. Ng5 Bd7 13. f4 exf4 14. Bxf4 Nh5
15. Nge4 Nxf4 16. Rxf4 Rb8 17. Nd5 Be6 18. Nxe7+ Nxe7 19. Nc5 Bd5 20. e4 Be6
21. Nxe6 fxe6 22. Rxf8+ Qxf8 23. Qb3 Qf6 24. Rf1 Qd4+ 25. Kh1 Ng6 26. Qxe6+ Kh8
27. Qc4 Qxc4 28. dxc4 Ne5 29. c5 Kg8 30. Bh3 g6 31. Rf6 Re8 32. Re6 Kf7 33.
Rxe8 Kxe8 34. Bc8 b6 35. cxb6 cxb6 36. Bxa6 Ke7 37. Kg2 Kd6 38. Bb7 Nc4 39. a4
Ne3+ 40. Kf3 Nc2 41. b5 Nd4+ 42. Kf4 Ne6+ 43. Ke3 Nc5 44. Bc6 Nxa4 45. Kd4 Nc5
46. Bd5 1-0

[Event "Hessen-ch B"]
[Site "Frankfurt/Main"]
[Date "2019.06.01"]
[Round "6"]
[White "Kabakci, Cem"]
[Black "Schellen, Sven"]
[Result "0-1"]
[WhiteElo "1632"]
[BlackElo "1853"]
[PlyCount "94"]
[EventDate "2019.05.30"]
[EventType "swiss"]
[EventRounds "7"]
[EventCountry "GER"]

1. e4 Nf6 2. Nc3 d5 3. e5 d4 4. exf6 dxc3 5. fxg7 cxd2+ 6. Bxd2 Bxg7 7. c3 Nc6
8. Nf3 Qd5 9. Be3 Be6 10. Qxd5 Bxd5 11. Nd2 O-O-O 12. a3 e5 13. Bb5 a6 14. Bc4
Ne7 15. Bc5 Nf5 16. Bxd5 Rxd5 17. Be3 Nxe3 18. fxe3 Rhd8 19. O-O-O Bh6 20. Rhe1
Rd3 21. Nf1 e4 22. Rxd3 Rxd3 23. Kc2 c5 24. Rd1 c4 25. Rxd3 exd3+ 26. Kd2 Kd7
27. g4 Bg5 28. Ng3 Ke6 29. Nf5 Ke5 30. h4 Bd8 31. a4 h5 32. Nh6 hxg4 33. Nxg4+
Ke4 34. h5 f5 35. Nf2+ Kf3 36. Nh3 Kg4 37. Nf4 Bg5 38. Nd5 b5 39. axb5 axb5 40.
Nc7 f4 41. exf4 Bxf4+ 42. Kd1 Bxc7 43. h6 Be5 44. h7 Kh5 45. Kd2 Kh6 46. h8=Q+
Bxh8 47. b3 Kg5 0-1

[Event "Hessen-ch B"]
[Site "Frankfurt/Main"]
[Date "2019.06.01"]
[Round "6"]
[White "Karl, Florian"]
[Black "Siegismund, Florian"]
[Result "1/2-1/2"]
[WhiteElo "1608"]
[BlackElo "1777"]
[PlyCount "54"]
[EventDate "2019.05.30"]
[EventType "swiss"]
[EventRounds "7"]
[EventCountry "GER"]

1. d4 Nf6 2. c4 c5 3. d5 b5 4. cxb5 a6 5. e3 axb5 6. Bxb5 g6 7. Nc3 Bg7 8. Nge2
O-O 9. O-O d6 10. Qc2 Qb6 11. Bc4 Ba6 12. Bxa6 Nxa6 13. e4 Rfb8 14. Rd1 Ng4 15.
h3 Ne5 16. b3 Nb4 17. Qd2 Ned3 18. a3 Nxc1 19. Rdxc1 Na6 20. Rab1 Nc7 21. a4
Qa5 22. Qc2 Rb4 23. Na2 Rb7 24. Nac3 Rab8 25. g3 Qb4 26. Qd3 Bh6 27. Rd1 Qa5
1/2-1/2

[Event "Hessen-ch B"]
[Site "Frankfurt/Main"]
[Date "2019.06.01"]
[Round "6"]
[White "Mongi, Mario"]
[Black "Krist, Stephan"]
[Result "1-0"]
[WhiteElo "1547"]
[BlackElo "1618"]
[PlyCount "79"]
[EventDate "2019.05.30"]
[EventType "swiss"]
[EventRounds "7"]
[EventCountry "GER"]

1. c4 Nf6 2. g3 e6 3. Bg2 c5 4. e4 Nc6 5. Nc3 Be7 6. Nge2 O-O 7. O-O a6 8. d3
Qc7 9. b3 d6 10. f4 Nd7 11. g4 Bf6 12. g5 Bxc3 13. Nxc3 b6 14. Bb2 Bb7 15. Qh5
Nd4 16. Nd1 g6 17. Qh6 f5 18. Ne3 fxe4 19. dxe4 Qd8 20. Bxd4 cxd4 21. Ng4 Qe7
22. Rad1 e5 23. f5 gxf5 24. exf5 Bxg2 25. f6 Qf7 26. Kxg2 Qg6 27. Qxg6+ hxg6
28. Nh6+ Kh7 29. Ng4 Rh8 30. Rf3 Kg8 31. Nh6+ Kf8 32. f7 Nc5 33. Rf6 Kg7 34.
Rxd6 Ne4 35. Rxb6 Nxg5 36. Ng4 Nxf7 37. Rb7 Rh5 38. Rf1 Rf8 39. Re7 Kg8 40.
Nf6+ 1-0

[Event "Hessen-ch B"]
[Site "Frankfurt/Main"]
[Date "2019.06.01"]
[Round "6"]
[White "Muenstermann, Matthias"]
[Black "Ghaznavi, Massoud"]
[Result "1-0"]
[WhiteElo "1783"]
[BlackElo "1601"]
[PlyCount "137"]
[EventDate "2019.05.30"]
[EventType "swiss"]
[EventRounds "7"]
[EventCountry "GER"]

1. d4 d5 2. c4 Nf6 3. Nc3 c6 4. Nf3 Bf5 5. e3 e6 6. Be2 c5 7. O-O h6 8. cxd5
exd5 9. dxc5 Bxc5 10. Nb5 Nc6 11. Nbd4 Bd7 12. b3 O-O 13. Bb2 Be7 14. Rc1 a6
15. Nxc6 Bxc6 16. Nd4 Rc8 17. Bf3 Bd7 18. Ne2 Bb5 19. Re1 Bxe2 20. Qxe2 Qa5 21.
Bd4 Ne4 22. Bxe4 dxe4 23. Qg4 Bg5 24. Qxe4 Rc6 25. Qe5 Qxe5 26. Bxe5 Rfc8 27.
Rxc6 Rxc6 28. Rb1 Rc2 29. a4 Be7 30. g3 Bb4 31. Bd4 a5 32. h4 h5 33. Kg2 f6 34.
Kf3 Kf7 35. Rb2 Rc6 36. Ke4 Ke6 37. Kf3 g6 38. g4 Bc3 39. Bxc3 Rxc3 40. gxh5
gxh5 41. b4 Rc4 42. bxa5 Rxh4 43. Rxb7 Rxa4 44. Ra7 Kf5 45. a6 Kg6 46. Ra8 f5
47. a7 Kg7 48. Kg3 Kh7 49. f4 Kg7 50. Kh4 Kh7 51. Kxh5 Ra5 52. Rf8 Rxa7 53.
Rxf5 Kg7 54. Kg5 Ra6 55. Re5 Rg6+ 56. Kf5 Rf6+ 57. Ke4 Ra6 58. Rd5 Kf6 59. f5
Ra4+ 60. Rd4 Ra6 61. Kf4 Rb6 62. Re4 Ra6 63. Re6+ Rxe6 64. fxe6 Kxe6 65. Ke4
Ke7 66. Ke5 Ke8 67. Ke6 Kd8 68. e4 Ke8 69. e5 1-0

[Event "Hessen-ch B"]
[Site "Frankfurt/Main"]
[Date "2019.06.01"]
[Round "6"]
[White "Pabel, Ralph"]
[Black "John, Volkmar"]
[Result "1-0"]
[WhiteElo "1903"]
[BlackElo "1654"]
[PlyCount "87"]
[EventDate "2019.05.30"]
[EventType "swiss"]
[EventRounds "7"]
[EventCountry "GER"]

1. c4 c5 2. g3 g6 3. Bg2 Bg7 4. e3 Nc6 5. Ne2 e6 6. Nbc3 Nge7 7. e4 d6 8. d3
O-O 9. a3 b6 10. Rb1 Bb7 11. O-O Qd7 12. Be3 Nd4 13. f4 f5 14. Bf2 Rad8 15. b4
Nxe2+ 16. Nxe2 Nc6 17. Qb3 Kh8 18. Rfe1 e5 19. Qc2 Nd4 20. Nxd4 exd4 21. Re2
fxe4 22. Bxe4 Bxe4 23. Rxe4 Rde8 24. Rbe1 Rxe4 25. Rxe4 Re8 26. Qe2 Rxe4 27.
Qxe4 Bf6 28. b5 Qe7 29. Qxe7 Bxe7 30. Kg2 Kg7 31. Kf3 Kf6 32. Ke4 Ke6 33. g4
Bf8 34. Bh4 Bg7 35. Bd8 Kd7 36. Bh4 Bh6 37. a4 Ke6 38. f5+ gxf5+ 39. gxf5+ Kd7
40. Bg3 Bg5 41. Kd5 Be7 42. Bf4 h5 43. h4 Bf8 44. f6 1-0

[Event "Hessen-ch B"]
[Site "Frankfurt/Main"]
[Date "2019.06.01"]
[Round "6"]
[White "Robinson, Jack"]
[Black "Feicht, Arno"]
[Result "0-1"]
[WhiteElo "1749"]
[BlackElo "1881"]
[PlyCount "64"]
[EventDate "2019.05.30"]
[EventType "swiss"]
[EventRounds "7"]
[EventCountry "GER"]

1. d4 f5 2. Bg5 g6 3. Nc3 Bg7 4. e4 fxe4 5. Nxe4 d5 6. Ng3 Nh6 7. h4 Nf7 8. Be3
Nc6 9. Qd2 e5 10. c3 exd4 11. cxd4 Qe7 12. Bb5 Bd7 13. Bxc6 Bxc6 14. h5 O-O-O
15. O-O-O Bd7 16. N1e2 Nd6 17. hxg6 hxg6 18. Rxh8 Bxh8 19. Nf4 Nc4 20. Nxd5 Qd6
21. Bf4 Qxd5 22. Qc2 Bc6 23. Qxg6 Bxd4 24. Kb1 Qb5 25. Qf5+ Qxf5+ 26. Nxf5 Bf6
27. Rxd8+ Kxd8 28. f3 Nxb2 29. Kc2 Kd7 30. Ne3 Ba4+ 31. Kd2 Bb5 32. Ke1 Nd3+
0-1

[Event "Hessen-ch B"]
[Site "Frankfurt/Main"]
[Date "2019.06.01"]
[Round "6"]
[White "Sakhra, Roman"]
[Black "Zalewski, Ulrich"]
[Result "1/2-1/2"]
[WhiteElo "1516"]
[BlackElo "1793"]
[PlyCount "78"]
[EventDate "2019.05.30"]
[EventType "swiss"]
[EventRounds "7"]
[EventCountry "GER"]

1. d4 d5 2. Nf3 e6 3. Bf4 Nf6 4. e3 Nbd7 5. Bd3 g6 6. h3 Bg7 7. Nbd2 O-O 8. c4
b6 9. b4 dxc4 10. Bxc4 Bb7 11. Qc2 Rc8 12. O-O Re8 13. Rab1 Nd5 14. Bxd5 Bxd5
15. Ne4 Nf6 16. Nxf6+ Bxf6 17. Ne5 Be7 18. Nc6 Bxc6 19. Qxc6 Bd6 20. Qf3 Qf6
21. Bxd6 Qxf3 22. gxf3 cxd6 23. Rfc1 Kf8 24. Kf1 Ke7 25. Ke2 d5 26. Kd3 f5 27.
f4 Kd6 28. a4 Kd7 29. a5 Rxc1 30. Rxc1 Rc8 31. Ra1 b5 32. Rb1 Rc4 33. Ke2 Ke7
34. Kf3 Kf6 35. Kg3 h6 36. h4 h5 37. Kg2 a6 38. Kf1 Ke7 39. Ke2 Kf7 1/2-1/2

[Event "Hessen-ch B"]
[Site "Frankfurt/Main"]
[Date "2019.06.01"]
[Round "6"]
[White "Saluvar, Buelent"]
[Black "von Beckh, Frieda"]
[Result "1/2-1/2"]
[WhiteElo "1692"]
[BlackElo "1465"]
[PlyCount "109"]
[EventDate "2019.05.30"]
[EventType "swiss"]
[EventRounds "7"]
[EventCountry "GER"]

1. Nf3 d5 2. c4 e6 3. e3 Nf6 4. b3 Nc6 5. Bb2 Bd6 6. Be2 O-O 7. O-O e5 8. cxd5
Nxd5 9. Bc4 Nf6 10. d4 Bg4 11. Be2 e4 12. Ne5 Bxe2 13. Qxe2 Qe8 14. Nxc6 Qxc6
15. Rc1 Qd5 16. Ba3 Rfe8 17. Bxd6 Qxd6 18. Nd2 Rac8 19. Nc4 Qd5 20. Ne5 c5 21.
Qc4 Qxc4 22. bxc4 cxd4 23. exd4 Red8 24. Rd1 Nd7 25. Nxd7 Rxd7 26. Rac1 Kf8 27.
Kf1 Rdc7 28. Rb1 b6 29. Re1 f5 30. g4 g6 31. gxf5 gxf5 32. Rb5 Rf7 33. c5 bxc5
34. Rxc5 Rxc5 35. dxc5 Rc7 36. Rc1 Ke7 37. Ke2 Ke6 38. f3 Kd5 39. Rd1+ Kxc5 40.
Rc1+ Kd6 41. Rxc7 Kxc7 42. fxe4 fxe4 43. Ke3 Kb6 44. Kxe4 Kb5 45. Kf5 Ka4 46.
Kg5 Ka3 47. Kh6 Kxa2 48. Kxh7 a5 49. Kg8 a4 50. h4 Kb3 51. h5 a3 52. h6 a2 53.
h7 a1=Q 54. h8=Q Qxh8+ 55. Kxh8 1/2-1/2

[Event "Hessen-ch B"]
[Site "Frankfurt/Main"]
[Date "2019.06.01"]
[Round "6"]
[White "Schmitt, Clemens"]
[Black "Bahlo, Jens"]
[Result "1/2-1/2"]
[WhiteElo "1767"]
[BlackElo "1915"]
[PlyCount "124"]
[EventDate "2019.05.30"]
[EventType "swiss"]
[EventRounds "7"]
[EventCountry "GER"]

1. c4 Nc6 2. Nc3 e5 3. g3 d6 4. Bg2 f5 5. d3 Nf6 6. e3 g6 7. Nge2 Bg7 8. O-O
O-O 9. a3 Ne7 10. f4 c6 11. b3 Qb6 12. Rb1 a6 13. fxe5 dxe5 14. Na4 Qa7 15. c5
Nd7 16. b4 b5 17. Nac3 Nf6 18. Qb3+ Kh8 19. d4 e4 20. h3 Ned5 21. Nxd5 Nxd5 22.
Nf4 a5 23. Nxd5 Be6 24. Qc3 Bxd5 25. Bd2 axb4 26. axb4 Qc7 27. Kh2 Ra2 28. Ra1
Rfa8 29. Rxa2 Rxa2 30. Ra1 Qa7 31. Rxa2 Qxa2 32. Bf1 Qa4 33. h4 Kg8 34. Qc1 Kf7
35. Be2 Ke7 36. Kg2 Kd7 37. Bc3 Qa2 38. Qb2 Qa4 39. Qa1 Qxa1 40. Bxa1 h6 41.
Bc3 Bf8 42. Be1 Be7 43. Kh2 Ke6 44. g4 g5 45. gxf5+ Kxf5 46. Kh3 Kg6 47. h5+
Kf6 48. Bg3 Be6+ 49. Kg2 Bd8 50. Be5+ Kf7 51. Kg3 Be7 52. Bd1 Bf8 53. Be2 Bb3
54. Bg4 Be6 55. Bd1 Bc4 56. Bg4 Be7 57. Bc7 Bf6 58. Bd6 Be6 59. Bd1 Bg7 60. Bc7
Ke7 61. Bd6+ Kf7 62. Bc7 Bd5 1/2-1/2

[Event "Hessen-ch B"]
[Site "Frankfurt/Main"]
[Date "2019.06.01"]
[Round "6"]
[White "Shehab, Tarek"]
[Black "Goodwin, David"]
[Result "1/2-1/2"]
[WhiteElo "1585"]
[BlackElo "1546"]
[PlyCount "37"]
[EventDate "2019.05.30"]
[EventType "swiss"]
[EventRounds "7"]
[EventCountry "GER"]

1. e4 g6 2. d4 Bg7 3. Be3 d6 4. Nc3 a6 5. Qd2 Nd7 6. Be2 b5 7. f3 Bb7 8. Nd1 c5
9. c3 Rc8 10. Nf2 h5 11. d5 Qa5 12. Bd1 Ne5 13. Bb3 c4 14. Bc2 Bh6 15. Ne2 Bxe3
16. Qxe3 Nf6 17. O-O Ned7 18. a3 Qb6 19. Qd4 1/2-1/2

[Event "Hessen-ch B"]
[Site "Frankfurt/Main"]
[Date "2019.06.01"]
[Round "6"]
[White "Ullmann, Ralf"]
[Black "Warter, Simon"]
[Result "1/2-1/2"]
[WhiteElo "1856"]
[BlackElo "1439"]
[PlyCount "49"]
[EventDate "2019.05.30"]
[EventType "swiss"]
[EventRounds "7"]
[EventCountry "GER"]

1. e4 e5 2. Nf3 Nc6 3. Bc4 Bc5 4. c3 Nf6 5. d3 O-O 6. Bb3 d6 7. Nbd2 Bb6 8. h3
Be6 9. Bc2 h6 10. Qe2 Nd7 11. Nc4 Nf6 12. a4 a6 13. Nxb6 cxb6 14. Be3 Nd7 15.
O-O f5 16. exf5 Bxf5 17. d4 e4 18. Bb3+ Kh8 19. Nh2 Qh4 20. Rfe1 Rf6 21. Bd1
Raf8 22. Qh5 Qxh5 23. Bxh5 Na5 24. Bg4 d5 25. Bxf5 1/2-1/2

[Event "Hessen-ch B"]
[Site "Frankfurt/Main"]
[Date "2019.06.01"]
[Round "6"]
[White "Weber, Andreas"]
[Black "Osterloh, Felix"]
[Result "1/2-1/2"]
[WhiteElo "1694"]
[BlackElo "1833"]
[PlyCount "62"]
[EventDate "2019.05.30"]
[EventType "swiss"]
[EventRounds "7"]
[EventCountry "GER"]

1. Nf3 e6 2. g3 b6 3. Bg2 Bb7 4. O-O f5 5. d3 Nf6 6. Nbd2 Be7 7. Re1 O-O 8. e4
fxe4 9. dxe4 h6 10. e5 Nh7 11. h4 Rf7 12. Ne4 Qf8 13. Qd3 Na6 14. Bf4 Nc5 15.
Nxc5 Bxc5 16. Nd4 Bxg2 17. Kxg2 Be7 18. Be3 g5 19. h5 Qg7 20. Qg6 Nf8 21. Qxg7+
Kxg7 22. g4 c5 23. Nb5 a6 24. Nc3 d5 25. exd6 Bxd6 26. Ne4 Be5 27. c3 Rd7 28.
Rad1 Rad8 29. Rxd7+ Rxd7 30. Kf1 Nh7 31. Ke2 Nf6 1/2-1/2

[Event "Hessen-ch B"]
[Site "Frankfurt/Main"]
[Date "2019.06.01"]
[Round "6"]
[White "Will, Steffen"]
[Black "Elpelt, Frank"]
[Result "1/2-1/2"]
[WhiteElo "1711"]
[BlackElo "1572"]
[PlyCount "40"]
[EventDate "2019.05.30"]
[EventType "swiss"]
[EventRounds "7"]
[EventCountry "GER"]

1. e4 c5 2. Nf3 e6 3. d4 cxd4 4. Nxd4 Nf6 5. Nc3 Nc6 6. Be3 a6 7. a3 d5 8. exd5
Nxd5 9. Nxd5 Qxd5 10. c3 Be7 11. Qf3 Qxf3 12. Nxf3 O-O 13. Bc4 b5 14. Be2 Bb7
15. O-O Rfd8 16. Rfd1 Bf6 17. Bb6 Rxd1+ 18. Rxd1 Ne5 19. Nxe5 Bxe5 20. Rd7 Bd5
1/2-1/2

[Event "Hessen-ch B"]
[Site "Frankfurt/Main"]
[Date "2019.06.02"]
[Round "7"]
[White "Adamczyk, Matthias"]
[Black "Schmitt, Clemens"]
[Result "1-0"]
[WhiteElo "1949"]
[BlackElo "1767"]
[PlyCount "59"]
[EventDate "2019.05.30"]
[EventType "swiss"]
[EventRounds "7"]
[EventCountry "GER"]

1. d4 Nf6 2. c4 g6 3. Nf3 Bg7 4. Nc3 d5 5. e3 O-O 6. Bd3 c5 7. cxd5 cxd4 8.
exd4 Nxd5 9. h3 Nc6 10. Be4 Nf6 11. Bxc6 bxc6 12. O-O Qd6 13. Be3 Nd5 14. Qd2
Nxe3 15. Qxe3 Be6 16. Ne4 Qd8 17. Nc5 Bd5 18. Ne5 Re8 19. b3 Rc8 20. Rad1 e6
21. Rfe1 Rc7 22. Qf4 Rce7 23. Ne4 Bxe4 24. Qxe4 Qa5 25. Nxc6 Qxa2 26. Nxe7+
Rxe7 27. d5 Bf8 28. d6 Rd7 29. Qc6 Rd8 30. Qc7 1-0